| 000 | 00431nam a2200133Ia 4500 | ||
|---|---|---|---|
| 008 | 211119s9999||||xx |||||||||||||| ||und|| | ||
| 082 |
_a894.8121 _bNAI-A |
||
| 100 | _aNair, N Chandrasekharan | ||
| 245 | 0 | _aAdhyatmaramayanam (translated from Sanskrit, the Original Text) | |
| 260 |
_bT Sarada _aThiruvananthapuram _c2003 |
||
| 300 | _a360p | ||
| 650 |
_aliterature _vmalayalam poetryEconomics _xPGR-GANDHIAN STUDIES |
||
| 942 | _cBOOK | ||
| 999 |
_c106465 _d106465 |
||